Los anales de la ciudad del Cuzco, o, Las cuatro épocas principales de su historia, narradas breve y sencillamente por Pío B. Mesa, Para aquella parte de sus paisanos que no puedan dedicarse sobre la materia a estudios vastos y profundos
Wedi'i Gadw mewn:
| Prif Awdur: | |
|---|---|
| Fformat: | Llyfr |
| Iaith: | Sbaeneg |
| Cyhoeddwyd: |
Cusco
Tipografía de la Convención, por Jacinto Carrasco
1866
|
| Rhifyn: | 1a. ed |
| Pynciau: | |
| Tagiau: |
Ychwanegu Tag
Dim Tagiau, Byddwch y cyntaf i dagio'r cofnod hwn!
|
MARC
| LEADER | 00000nam a2200000 a 4500 | ||
|---|---|---|---|
| 001 | UCJ6957 | ||
| 003 | CL-VaPUC | ||
| 008 | 070124e18660000PE |||||||||||||||||spa|d | ||
| 082 | 0 | 4 | |a 985 |b MES |2 21 |
| 100 | |a Mesa, Pío B. |e autor |9 514660 | ||
| 245 | 1 | 4 | |a Los anales de la ciudad del Cuzco, o, Las cuatro épocas principales de su historia, narradas breve y sencillamente por Pío B. Mesa, Para aquella parte de sus paisanos que no puedan dedicarse sobre la materia a estudios vastos y profundos |
| 250 | |a 1a. ed | ||
| 300 | |a xviii, 515 p | ||
| 942 | |c BK | ||
| 945 | |d 20070124 00:00:00 |a rinostro | ||
| 260 | |a Cusco |b Tipografía de la Convención, por Jacinto Carrasco |c 1866 | ||
| 500 | |a 4§, media pasta.- h. prel.- Port.- v. en b.- Advertencia.- Los dos tomos están contenidos en un volumen.- En el vol. 2 se observa un error en la paginación inicial | ||
| 600 | 0 | 7 | |a MANCO CAPAC |2 CL-VaPUC |9 511175 |
| 600 | 0 | 7 | |a CHINCHIRUCA |2 CL-VaPUC |9 514661 |
| 600 | 0 | 7 | |a MAITA CAPAC |2 CL-VaPUC |9 514662 |
| 600 | 0 | 7 | |a CHINCHASUYO |2 CL-VaPUC |9 514663 |
| 600 | 0 | 7 | |a VIRACOCHA |2 CL-VaPUC |9 509337 |
| 650 | 0 | |a Historia local |9 266584 | |
| 650 | 7 | |a INCAS |2 CL-VaPUC |9 256565 | |
| 650 | 0 | |a Etnografía |9 309735 | |
| 650 | 0 | |a Antropología cultural y social |9 265143 | |
| 650 | 0 | |a Costumbres y tradiciones |9 268292 | |
| 650 | 7 | |a DESCRIPCION BIBLIOFILICA |2 CL-VaPUC |9 504580 | |
| 651 | 0 | |a Perú |9 256567 | |
| 651 | 7 | |a CUZCO |2 CL-VaPUC |9 265268 | |
| 583 | |a last modification |c 20070124 00:00:00 |k Rodrigo Vera | ||
| 999 | |c 323059 |d 323057 | ||
| 952 | |0 0 |1 0 |4 0 |6 985_000000000000000_MES_1866 |7 0 |8 X |9 402303 |a FDOBUD |b FDOBUD |d 2019-11-22 |i 1055593 |o 985 MES 1866 |p 1055593 |r 2019-11-22 |w 2019-11-22 |y BK_X |k BUD | ||